Ľudský faktor - strategický manažment - humanizácia

Enregistré dans:
Détails bibliographiques
Auteur principal: Ivanová, Pavlína
Format: Chapitre de livre
Langue:slovaque
Sujets:
Tags: Ajouter un tag
Pas de tags, Soyez le premier à ajouter un tag!

MARC

LEADER 00000naa$a2200000$$$4500
001 0234944
005 20240502073815.8
041 0 |a slo 
044 |a SK 
245 1 0 |a Ľudský faktor - strategický manažment - humanizácia  |c Pavlína Ivanová 
610 2 0 |a zdroje ľudské 
610 2 0 |a pracovníci 
610 2 0 |a manažéri 
610 2 0 |a práca 
610 2 0 |a odmeňovanie 
610 2 0 |a manažment strategický 
610 2 0 |a firmy 
610 2 0 |a technológie informačné 
610 2 0 |a technológie komunikačné 
610 2 0 |a kriminalita počítačová 
100 1 |a Ivanová, Pavlína